00778nam a2200253Ia 450000500170000000800410001702000250005804000190008304100120010208200150011410000170012924500870014625000110023326000540024430000160029844000350031450400360034963000220038563000300040763000240043765000280046165100250048985000100051420230621114832.0131103s9999 xx 000 0 und d a333985893cGBP 17.99 aLoreto College aEnglish a940.5bMAR aMarks, Sally 4aThe illusion of peaceb International relations in Europe, 1918-1933 cSally Marks a2nd ed aHoundmill, Basingstoke, HampshirebPalgravec2003 a214pb maps aThe making of the 20th century aIncludes bibliography and index aEurope, 1918-1945 aEurope, Foreign Relations aWorld War 1914-1918 aInternational Relations aTreaty of Versailles aLCLIB